L'Europe seigneuriale (notice n° 1905614)
[ vue normale ]
| 000 -LEADER | |
|---|---|
| fixed length control field | 01404cam a2200145 4500500 |
| 005 - DATE AND TIME OF LATEST TRANSACTION | |
| control field | 20260329020341.0 |
| 041 ## - LANGUAGE CODE | |
| Language code of text/sound track or separate title | fre |
| 042 ## - AUTHENTICATION CODE | |
| Authentication code | dc |
| 100 10 - MAIN ENTRY--PERSONAL NAME | |
| Personal name | Jégou, Laurent |
| Relator term | author |
| 245 00 - TITLE STATEMENT | |
| Title | L'Europe seigneuriale |
| 260 ## - PUBLICATION, DISTRIBUTION, ETC. | |
| Name of publisher, distributor, etc. | Armand Colin,<br/> |
| Date of publication, distribution, etc. | 2024.<br/> |
| 520 ## - SUMMARY, ETC. | |
| Summary, etc. | En 888, à la mort de Charles le Gros, l’empire carolingien se désagrège. Au cours des trois siècles suivants, l’histoire de l’Europe se fait à d’autres échelles : celle du royaume, de la principauté territoriale, de la châtellenie ou de la commune. Cette mosaïque politique participe d’une recomposition des pouvoirs mais ne signifie pas pour autant un affaiblissement des monarchies, ni un temps de crise. Les dynasties ottonienne et salienne en Germanie, capétienne en France, plantagenêt en Angleterre assurent le rayonnement de leur royaume et bénéficient d’un dynamisme économique sans précédent. La période est celle de la naissance de l’université, de l’essor de l’art roman et gothique, du développement d’un commerce à l’échelle internationale, comme de l’extension du christianisme au nord et à l’est, la reconquête des terres sous domination musulmane au sud et l’organisation d’expéditions en Terre sainte. |
| 700 10 - ADDED ENTRY--PERSONAL NAME | |
| Personal name | Panfili, Didier |
| Relator term | author |
| 856 41 - ELECTRONIC LOCATION AND ACCESS | |
| Uniform Resource Identifier | <a href="https://shs.cairn.info/l-europe-seigneuriale-3e-ed--9782200638917?lang=fr&redirect-ssocas=7080">https://shs.cairn.info/l-europe-seigneuriale-3e-ed--9782200638917?lang=fr&redirect-ssocas=7080</a> |
Pas d'exemplaire disponible.




Réseaux sociaux